Stav malého a stredného podnikania 1996

Saved in:
Bibliographic Details
Format: Book
Language:Slovak
Published: Bratislava NARMSP 1997
Subjects:
Tags: Add Tag
No Tags, Be the first to tag this record!

MARC

LEADER 00000nam a2200000 4500
001 c100020
005 20221109111813.8
020 |a 80-967788-1-1 
041 0 |a slo 
044 |a SK 
245 1 0 |a Stav malého a stredného podnikania 1996 
264 1 |a Bratislava  |b NARMSP  |c 1997 
300 |a 106 s. 
610 2 0 |a podnikanie drobné 
610 2 0 |a podnik malý 
610 2 0 |a podnik stredný 
610 2 0 |a programy rozvojové 
610 2 0 |a rozvoj podniku 
610 2 0 |a Slovensko 
610 2 0 |a podpora podnikania 
610 2 0 |a PHARE